| 000 | 00349nam a22001457a 4500 | ||
|---|---|---|---|
| 003 | MACL | ||
| 005 | 20170701123710.0 | ||
| 008 | 170701b xxu||||| |||| 00| 0 eng d | ||
| 040 | _cMACL | ||
| 100 |
_aYu, Jin _967958 |
||
| 245 | _aStories of Huainanzi | ||
| 260 |
_aNew Delhi _bSahitya Akadami _c2016 |
||
| 650 |
_aStories _967959 |
||
| 942 |
_2ddc _cBK |
||
| 999 |
_c56674 _d56674 |
||